| 000 | 00730cam a2200241 i 4500 | ||
|---|---|---|---|
| 001 | 789750 | ||
| 003 | ARRUPE | ||
| 005 | 20131107020006.0 | ||
| 008 | 750922s1975 pau b 000 0 eng | ||
| 010 | _a 74026345 | ||
| 020 |
_a0800604601 : _c$2.75 |
||
| 040 |
_aDLC _cDLC _dDLC |
||
| 050 | 0 | 0 |
_aBS476 _b.K73 |
| 100 | 1 |
_aKrentz, Edgar. _91058 |
|
| 245 | 1 | 4 |
_aThe historical-critical method / _cby Edgar Krentz. |
| 260 |
_aPhiladelphia : _bFortress Press, _cc1975. |
||
| 300 |
_avi, 88 p. ; _c22 cm. |
||
| 490 | 0 | _aGuides to Biblical scholarship | |
| 504 | _aIncludes bibliographical references. | ||
| 650 |
_aBible _xHermeneutics. _91059 |
||
| 906 |
_a7 _bcbc _corignew _d2 _eocip _f19 _gy-gencatlg |
||
| 942 |
_2lcc _cMONOGRAPH _01 |
||
| 999 |
_c117993 _d117993 |
||